| 000 | 02081nam a2200457 i 4500 | ||
|---|---|---|---|
| 001 | ebr10852542 | ||
| 003 | CaPaEBR | ||
| 006 | m o d | ||
| 007 | cr cn||||||||| | ||
| 008 | 140408t20132013enk ob 001 0 eng d | ||
| 020 | _z9781909254312 | ||
| 020 | _z9781909254305 | ||
| 020 | _z9781909254329 (PDF) | ||
| 020 | _z9781909254336 (epub) | ||
| 020 | _z9781909254343 (mobi) | ||
| 040 |
_aCaPaEBR _beng _erda _epn _cCaPaEBR |
||
| 035 | _a(OCoLC)878145082 | ||
| 050 | 1 | 4 |
_aGR72 _b.O735 2013eb |
| 082 | 0 | 4 |
_a398.2 _223 |
| 245 | 0 | 0 |
_aOral literature in the digital age : _barchiving orality and connecting with communities / _cedited by Mark Turin, Claire Wheeler and Eleanor Wilkinson. |
| 264 | 1 |
_aCambridge, England : _bOpen Book Publishers, _c2013. |
|
| 264 | 4 | _c�2013 | |
| 300 | _a1 online resource (192 pages). | ||
| 336 |
_atext _2rdacontent |
||
| 337 |
_acomputer _2rdamedia |
||
| 338 |
_aonline resource _2rdacarrier |
||
| 490 | 1 |
_aWorld Oral Literature Series ; _vVolume 2 |
|
| 504 | _aIncludes bibliographical references at the end of each chapters and index. | ||
| 588 | _aDescription based on online resource; title from PDF title page (ebrary, viewed April 08, 2014). | ||
| 590 | _aElectronic reproduction. Palo Alto, Calif. : ebrary, 2014. Available via World Wide Web. Access may be limited to ebrary affiliated libraries. | ||
| 650 | 0 |
_aFolk literature _xHistory and criticism. |
|
| 650 | 0 |
_aOral tradition _xHistory. |
|
| 655 | 0 | _aElectronic books. | |
| 700 | 1 |
_aTurin, Mark, _eeditor. |
|
| 700 | 1 |
_aWheeler, Claire, _eeditor. |
|
| 700 | 1 |
_aWilkinson, Eleanor, _eeditor. |
|
| 776 | 0 | 8 |
_iPrint version: _tOral literature in the digital age : archiving orality and connecting with communities. _dCambridge, England : Open Book Publishers, c2013 _hxxiii, 164 pages _kWorld oral literature series ; Volume 2. _z9781909254312 |
| 797 | 2 | _aebrary. | |
| 830 | 0 |
_aWorld oral literature series ; _vVolume 2. |
|
| 856 | 4 | 0 |
_uhttp://site.ebrary.com/lib/rucke/Doc?id=10852542 _zAn electronic book accessible through the World Wide Web; click to view |
| 999 |
_c96775 _d96775 |
||